Mathematics in aeronautical research.

Bibliographic Details
Main Author: Dodd, K. N. (Kenneth Neilson)
Format: Book
Language:English
Published: London, New York : Oxford University Press, 1964.
Series:Oxford mathematical handbooks.
Subjects:

MARC

Tag First Indicator Second Indicator Subfields
LEADER 00000cam a2200000 4500
001 in00000618321
005 20151014170708.0
008 760414s1964 enka 00100 eng
010 |a  64001436  
035 |a (OCoLC)02111164 
035 |9 ACS6206AM 
040 |c CSU  |d TXA  |d UtOrBLW 
049 |a TXAM  |c [400532] 
050 0 0 |a TL565  |b .D6 
100 1 |a Dodd, K. N.  |q (Kenneth Neilson) 
245 1 0 |a Mathematics in aeronautical research. 
264 1 |a London,  |a New York :  |b Oxford University Press,  |c 1964. 
300 |a xiii, 130 pages :  |b illustrations, diagrams ;  |c 23 cm. 
336 |a text  |b txt  |2 rdacontent 
337 |a unmediated  |b n  |2 rdamedia 
338 |a volume  |b nc  |2 rdacarrier 
490 1 |a Oxford mathematical handbooks 
650 0 |a Aeronautics  |x Research. 
650 0 |a Mathematics. 
830 0 |a Oxford mathematical handbooks. 
999 |a MARS 
999 f f |s 7313c40f-9938-38e0-9b38-b5e2faaa72ef  |i ac3fbc48-9e77-3f3f-9ee5-459938656270  |t 0 
952 f f |p ric  |a Texas A&M University  |b Rellis Campus  |c Joint Library Facility  |d Remote Storage  |t 0  |e TL565 .D6  |h Library of Congress classification  |i unmediated -- volume  |m A14805541901 
998 f f |a TL565 .D6  |t 0  |l Remote Storage